Welcome to the Holygrace Academy Library

Please use search bar below to get started

20000 LEAGUES UNDER THE SEA (Record no. 2899)

MARC details
000 -LEADER
fixed length control field 00441nam a22001577a 4500
020 ## - INTERNATIONAL STANDARD BOOK NUMBER
ISBN 978-93-81438-62-6
082 ## - DEWEY DECIMAL CLASSIFICATION NUMBER
Classification number 823
Item number VER/T
100 ## - MAIN ENTRY--AUTHOR NAME
Personal name VERNE, JULES
245 ## - TITLE STATEMENT
Title 20000 LEAGUES UNDER THE SEA
Remainder of title ILLSTRATED CLASSICS
246 ## - VARYING FORM OF TITLE
Title proper/short title 20000 LEAGUES UNDER THE SEA
Remainder of title ILLSTRATED CLASSICS
260 ## - PUBLICATION, DISTRIBUTION, ETC. (IMPRINT)
Place of publication NEW DELHI
Name of publisher LITTLE SCHOLARZ PVT LTD
Year of publication 2013
300 ## - PHYSICAL DESCRIPTION
Number of Pages 240
520 ## - SUMMARY, ETC.
Summary, etc ILLSTRATED CLASSICS
650 ## - SUBJECT ADDED ENTRY--TOPICAL TERM
Topical Term ILLSTRATED CLASSICS
942 ## - ADDED ENTRY ELEMENTS (KOHA)
Koha item type Books
Holdings
Withdrawn status Lost status Collection code Home library Current library Shelving location Date acquired Source of acquisition Cost, normal purchase price Full call number Accession Number Koha item type
    Fiction Main Library Main Library SHELF 4-F ENGLISH CLASSICS 17/10/2022 Purchase 140.00 823 VER/T 12724 Books